000 00880nam a2200301Ia 4500
001 48793
003 IT-RoPAU
008 130308s9999 xx 000 0 und d
040 _aIT-RoPAU
040 _cIT-RoPAU
041 _aITALIANO
100 _aVezzani Lorenzo
100 _gCodice Aut. SPICS: 1405
245 _aColonna sonora del diapomontaggio (La)-I rumori e la musica
245 _bDiapomontaggio (Il)
250 _a1a ed.
260 _aROMA
260 _bSPICS
260 _c1987 [1° Ed.:1987 - Ed.Ling.Originale:1987]
300 _a"10 p. (prefazione: no ; testo: 10)"
500 _aRelazione Musica immagine Linguaggio Musicale insieme Ad Altri Linguaggi Elementi Musicali Nei Generi del Diapomontaggio
650 _aDIDATTICA AUDIOVISIVA
650 _eCodice materia Spics: 4002
942 _cBK
957 _71
999 _c45899
_d45899
999 _bSI
999 _g1